[Event "Oberliga Sued W 0708"]
[Site "Germany"]
[Date "2007.10.21"]
[Round "1.8"]
[White "Milutinovic, Stephane"]
[Black "Prison, Hans Albert"]
[Result "1/2-1/2"]
[WhiteElo "2041"]
[BlackElo "1884"]
[PlyCount "104"]
[EventDate "2007.10.21"]
[EventType "team-tourn"]
[EventRounds "9"]
[EventCountry "GER"]
[SourceTitle "EXT 2009"]
[Source "ChessBase"]
[SourceDate "2008.11.26"]
[SourceVersion "1"]
[SourceVersionDate "2008.11.26"]
[SourceQuality "1"]
[WhiteTeam "Saarbruecken Gambit"]
[BlackTeam "Koblenz"]
[WhiteTeamCountry "GER"]
[BlackTeamCountry "GER"]

1. e4 g6 2. d4 Bg7 3. Nf3 d6 4. Bd3 c5 5. c3 Nc6 6. d5 Ne5 7. Nxe5 Bxe5 8. 0-0 Bg7 9. Bb5+ Bd7 10. Qa4 a6 11. Bxd7+ Qxd7 12. Qxd7+ Kxd7 13. Nd2 Nf6 14. f3 b5 15. c4 b4 16. Rb1 Rhb8 17. f4 a5 18. h3 a4 19. Re1 Ne8 20. Nf3 h6 21. e5 Nc7 22. g4 Rg8 23. Kf1 Rae8 24. Ke2 e6 25. dxe6+ Kxe6 26. Kf2 d5 27. Nd2 Rd8 28. b3 a3 29. cxd5+ Nxd5 30. Ne4 Bf8 31. Be3 Nxe3 32. Kxe3 Be7 33. Rbc1 Rd5 34. Red1 Rgd8 35. Rxd5 Rxd5 36. Nd2 f6 37. exf6 Bxf6 38. Rc4 Bd4+ 39. Ke4 Rd8 40. Nf3 Bf2 41. Rc2 Bd4 42. h4 Bc3 43. Rh2 Rd1 44. h5 Kf7 45. hxg6+ Kxg6 46. Nh4+ Kf7 47. Nf5 Rb1 48. Nd6+ Kg7 49. Nc4 Ra1 50. Kd3 Bb2 51. Rh5 Bd4 52. Rh2 Bb2 1/2-1/2

[Event "Serbia-ch (Women)"]
[Site "Vrnjacka Banja"]
[Date "2006.02.??"]
[Round "8"]
[White "Milutinovic, Stephane"]
[Black "Rapport, Jovana"]
[Result "0-1"]
[WhiteElo "2034"]
[BlackElo "2035"]
[PlyCount "100"]
[EventDate "2006.02.??"]
[EventType "swiss"]
[EventRounds "9"]
[EventCountry "YUG"]
[SourceTitle "CBM 110 Extra"]
[Source "ChessBase"]
[SourceDate "2006.03.10"]
[SourceVersion "2"]
[SourceVersionDate "2006.03.10"]
[SourceQuality "1"]

1. d4 e6 2. c4 f5 3. Nc3 Nf6 4. Bg5 Bb4 5. f3 Bxc3+ 6. bxc3 0-0 7. e3 d6 8. Bd3 Qe8 9. Qc2 Nc6 10. Ne2 Qg6 11. Bxf6 Rxf6 12. Ng3 e5 13. 0-0-0 b6 14. Kb1 Qf7 15. Nf1 Na5 16. Nd2 Be6 17. d5 Bd7 18. Ka1 Nb7 19. Rb1 Nc5 20. Nb3 Nxd3 21. Qxd3 f4 22. e4 Kh8 23. Nd2 g5 24. h3 Kg7 25. Nf1 Kf8 26. Nh2 h5 27. Qe2 Rg6 28. Qf2 Ke7 29. Qe2 Rh8 30. Rbg1 a5 31. Kb1 Rh7 32. Kb2 Rhg7 33. Kb1 Bc8 34. Kb2 Qe8 35. Kb3 Ba6 36. Qd3 Rg8 37. Qe2 Qd7 38. Qd3 Rb8 39. Kc2 Qa4+ 40. Kb1 Bxc4 41. Qd2 h4 42. Ng4 b5 43. Qc2 Qa3 44. Qb2 b4 45. Qxa3 bxa3+ 46. Kc2 Rb2+ 47. Kc1 Rg8 48. Nh6 Rgb8 49. Nf5+ Kd7 50. Nh6 Rb1+ 0-1